Cuando violar a una mujer era pan de cada día : (Registro nro. 4278)

000 -CABECERA
campo de control de longitud fija 01359nam a22002177a 4500
005 - FECHA Y HORA DE LA ÚLTIMA TRANSACCIÓN
campo de control 20251217170552.0
008 - DATOS DE LONGITUD FIJA--INFORMACIÓN GENERAL
campo de control de longitud fija 251217b ||||fr|||| 00| 0 eng d
040 ## - FUENTE DE LA CATALOGACIÓN
Centro catalogador/agencia de origen CENDOC CAAAP
Lengua de catalogación spa
Centro/agencia transcriptor CAAAP
041 ## - CÓDIGO DE LENGUA
Código de lengua del texto/banda sonora o título independiente spa
050 ## - SIGNATURA TOPOGRÁFICA DE LA BIBLIOTECA DEL CONGRESO
Número de clasificación JC 599
Número de documento/Ítem .W54
100 1# - ENTRADA PRINCIPAL--NOMBRE DE PERSONA
9 (RLIN) 5733
Nombre personal Wiesse, Patricia
Término indicativo de función/relación autor
245 1# - MENCIÓN DE TÍTULO
Título Cuando violar a una mujer era pan de cada día :
Subtitulo El caso de Manta y Vilca /
Mención de responsabilidad, etc. Patricia Wiesse, Gerardo Saravia, Juan José Quispe
250 ## - MENCIÓN DE EDICIÓN
Mención de edición 1ra edición
260 #1 - PUBLICACIÓN, DISTRIBUCIÓN, ETC.
Lugar de publicación, distribución, etc. Lima, Perú :
Nombre del editor, distribuidor, etc. Instituto de Defensa Legal,
Fecha de publicación, distribución, etc. 2018.
300 ## - DESCRIPCIÓN FÍSICA
Extensión 99 páginas :
Otras características físicas ilustraciones,
Dimensiones 21 x 15 cm
505 ## - NOTA DE CONTENIDO CON FORMATO
Nota de contenido con formato Contenido: <br/>I: M. A. B. -- II: Cuando M. A. B. fue violada tenía 15 años -- III: Huancavelica -- IV: Prolegómenos de un juicio -- V: N. P. M., señora de ojos verdes -- VI: El primer juicio -- VII: M. A. E. -- VIII: Cuando M. A. E. fue violada tenía 16 años -- IX: M. S. C. -- X. Cuando M. S. C. fue violada tenía 17 años ... ("pero era mi enamorada") -- XI: ¿Hasta cuándo se luchará por obtener justicia? -- XII: En medio de este oscuro panorama ... ¿es posible condenar a los militares acusados? -- XIII: ¿Por qué se considera un caso de lesa humanidad?.
650 #0 - PUNTO DE ACCESO ADICIONAL DE MATERIA--TÉRMINO DE MATERIA
9 (RLIN) 4189
Término de materia o nombre geográfico como elemento de entrada Violencia de Género
Subdivisión de forma Mujer
Subdivisión general Violencia sexual
700 1# - PUNTO DE ACCESO ADICIONAL--NOMBRE DE PERSONA
9 (RLIN) 5734
Nombre de persona Saravia, Gerardo
Término indicativo de función/relación autor
700 1# - PUNTO DE ACCESO ADICIONAL--NOMBRE DE PERSONA
9 (RLIN) 5735
Nombre de persona Quispe, Juan José
Término indicativo de función/relación autor
942 ## - ELEMENTOS PERSONALIZADOS KOHA
Fuente del sistema de clasificación o colocación
Fecha de catalogación DD - MM - AA
Tipo de ítem Koha Libros
Existencias
Fuente del sistema de clasificación o colocación Localización permanente Ubicación/localización actual Fecha de adquisición Total de préstamos Signatura LC Fecha visto por última vez Tipo de ítem Koha
  CENTRO DE DOCUMENTACIÓN (CENDOC) CENTRO DE DOCUMENTACIÓN (CENDOC) 12/17/2025   JC 599 .W54 12/17/2025 Libros
Centro de Documentación CAAAP | AV. Manuel González Prada 626, Magdalena del Mar | (51-1) 4615223 Anexo 205 y 209 | cendoc@caaap.org.pe